| 000 | 01375ngm a22003850a 4500 | ||
|---|---|---|---|
| 001 | PT21906 | ||
| 003 | AR-LpoUNG | ||
| 005 | 20210201232248.0 | ||
| 007 | co ||u|||uuuuu | ||
| 008 | 191001s2005||||ag |||||||||||||||||spa d | ||
| 020 |
_a9875492698 _c$30 |
||
| 040 |
_aAR-LpoUNG _bspa _cAR-LpoUNG _eaacr |
||
| 041 | _aspa | ||
| 044 | _aag | ||
| 082 | 0 | _a982.064 533v1 | |
| 245 | 1 | 3 | _aLa primavera de los pueblos |
| 250 | _a1ª edición | ||
| 260 |
_aBuenos Aires : _bMemoria Abierta, _c2005. |
||
| 520 | _aLos años comprendidos entre 1969 y 1975 se caracterizaron por una intensa movilización de masas que expresaba una voluntad colectiva de alterar un orden económico-social considerado fuente de desigualdades económicas e injusticias sociales. El surgimiento de una gran cantidad de organizaciones gremiales, políticas y sociales fue parte de este clima político. | ||
| 650 | 4 | _aANALISIS HISTORICO | |
| 650 | 4 | _aARGENTINA | |
| 650 | 4 | _aASPECTOS POLITICOS | |
| 650 | 4 | _aAUTORITARISMO | |
| 650 | 4 | _aCONCIENTIZACION | |
| 650 | 4 | _aDICTADURA | |
| 650 | 4 | _aFUERZAS ARMADAS | |
| 650 | 4 | _aHISTORIA SOCIAL | |
| 650 | 4 | _aIDEOLOGIAS POLITICAS | |
| 653 | _aMAES | ||
| 653 | _aREPRESION | ||
| 710 | 2 | _aAsociación Civil Memoria Abierta (Buenos Aires) | |
| 710 | 2 | _aBuenos Aires (ciudad). Secretaria de Educación | |
| 905 | _a21906 | ||
| 942 | _cCDDVD | ||
| 999 |
_c53162 _d53162 |
||